| 000 | 00410nam a2200145Ia 4500 | ||
|---|---|---|---|
| 008 | 211109s9999||||xx |||||||||||||| ||und|| | ||
| 082 |
_a519.5 _bSEE-T |
||
| 100 | _aSeetha Raman, V | ||
| 245 | 0 | _aTextbook of Statistics | |
| 260 |
_bNATIONAL BOOKSTALL _aKottayam _c1960 |
||
| 300 | _a360p. | ||
| 630 | _xGeneral Stack | ||
| 650 |
_aPROBABILITIES AND APPLIED MATHEMATICS _vMathematics _xGeneralia |
||
| 942 | _cBOOK | ||
| 999 |
_c20941 _d20941 |
||